<?xml version="1.0" encoding="UTF-8"?>
<record
    xmlns:xsi="http://www.w3.org/2001/XMLSchema-instance"
    xsi:schemaLocation="http://www.loc.gov/MARC21/slim http://www.loc.gov/standards/marcxml/schema/MARC21slim.xsd"
    xmlns="http://www.loc.gov/MARC21/slim">

  <leader>00569nam a22001817a 4500</leader>
  <controlfield tag="003">UA-OsUOA</controlfield>
  <controlfield tag="001"> 19215 </controlfield>
  <controlfield tag="007">ta</controlfield>
  <controlfield tag="008">20040727b un ||||| |||| 00| 0 ukr d</controlfield>
  <datafield tag="100" ind1=" " ind2=" ">
    <subfield code="a">&#x406;&#x432;&#x430;&#x43D;&#x456;&#x446;&#x43A;&#x430; &#x412;.</subfield>
  </datafield>
  <datafield tag="942" ind1=" " ind2=" ">
    <subfield code="c">SA</subfield>
  </datafield>
  <datafield tag="040" ind1=" " ind2=" ">
    <subfield code="a">UA-OsUOA</subfield>
    <subfield code="c">UA-OsUOA</subfield>
    <subfield code="d">UA-OsUOA</subfield>
  </datafield>
  <datafield tag="245" ind1=" " ind2=" ">
    <subfield code="a">&#x41C;&#x430;&#x43B;&#x435; &#x43F;&#x456;&#x434;&#x43F;&#x440;&#x438;&#x454;&#x43C;&#x43D;&#x438;&#x446;&#x442;&#x432;&#x43E; [&#x443; &#x417;&#x434;&#x43E;&#x43B;&#x431;&#x443;&#x43D;&#x456;&#x432;. &#x440;-&#x43D;&#x456;] : &#x437;&#x434;&#x43E;&#x431;&#x443;&#x442;&#x43A;&#x438; &#x456; &#x43F;&#x440;&#x43E;&#x431;&#x43B;&#x435;&#x43C;&#x438;</subfield>
  </datafield>
  <datafield tag="300" ind1=" " ind2=" ">
    <subfield code="a">&#x421;.2</subfield>
  </datafield>
  <datafield tag="955" ind1=" " ind2=" ">
    <subfield code="a">0</subfield>
  </datafield>
  <datafield tag="773" ind1="0" ind2=" ">
    <subfield code="w">0</subfield>
    <subfield code="t">&#x41D;&#x43E;&#x432;&#x435; &#x436;&#x438;&#x442;&#x442;&#x44F;</subfield>
    <subfield code="d">&#x417;&#x434;&#x43E;&#x43B;&#x431;&#x443;&#x43D;&#x456;&#x432;</subfield>
    <subfield code="d">2004</subfield>
    <subfield code="g">&#x2116;52/53/10 &#x43B;&#x438;&#x43F;./</subfield>
  </datafield>
  <datafield tag="650" ind1=" " ind2="7">
    <subfield code="a">&#x41A;&#x440;&#x430;&#x454;&#x437;&#x43D;&#x430;&#x432;&#x447;&#x430; &#x440;&#x43E;&#x431;&#x43E;&#x442;&#x430;</subfield>
    <subfield code="2">UDC</subfield>
  </datafield>
  <datafield tag="999" ind1=" " ind2=" ">
    <subfield code="c">305386</subfield>
    <subfield code="d">305386</subfield>
  </datafield>
</record>
